Amin Ash, Thrift Nigel (2002). Cities : reimagining the urban. Cambridge : Polity Press, vii + 184 p., £14.99/US$26.95 paperback. ISBN : 0 7456 2414 6, paper (notice n° 1584780)
[ vue normale ]
| 000 -LEADER | |
|---|---|
| fixed length control field | 01246cam a2200157 4500500 |
| 005 - DATE AND TIME OF LATEST TRANSACTION | |
| control field | 20251228052906.0 |
| 041 ## - LANGUAGE CODE | |
| Language code of text/sound track or separate title | fre |
| 042 ## - AUTHENTICATION CODE | |
| Authentication code | dc |
| 100 10 - MAIN ENTRY--PERSONAL NAME | |
| Personal name | Tiano, Camille |
| Relator term | author |
| 245 00 - TITLE STATEMENT | |
| Title | Amin Ash, Thrift Nigel (2002). Cities : reimagining the urban. Cambridge : Polity Press, vii + 184 p., £14.99/US$26.95 paperback. ISBN : 0 7456 2414 6, paper |
| 260 ## - PUBLICATION, DISTRIBUTION, ETC. | |
| Date of publication, distribution, etc. | 2005.<br/> |
| 500 ## - GENERAL NOTE | |
| General note | 80 |
| 520 ## - SUMMARY, ETC. | |
| Summary, etc. | Si la danse est une esthétique, une manière de faire parler les corps, elle peut aussi révéler une nouvelle manière de faire communauté, et plus encore, de vivre et d’habiter le monde. Emmenée par Laure Fouard, la T.R.O.U.P.E. revendique et pratique une danse inclusive. Une danse conçue comme un corps collectif en mouvement, un corps composé de vies singulières, tournées vers le public, en dialogue avec lui. Une danse qui place la tendresse en partage et nous affecte le temps d’un spectacle et peut-être plus. Une belle expérience de construction du commun qui nous éloigne des clichés et des préjugés sur le handicap. |
| 786 0# - DATA SOURCE ENTRY | |
| Note | L’Espace géographique | 34 | 1 | 2005-03-01 | p. V-V | 0046-2497 |
| 856 41 - ELECTRONIC LOCATION AND ACCESS | |
| Uniform Resource Identifier | <a href="https://shs.cairn.info/revue-espace-geographique-2005-1-page-V?lang=fr&redirect-ssocas=7080">https://shs.cairn.info/revue-espace-geographique-2005-1-page-V?lang=fr&redirect-ssocas=7080</a> |
Pas d'exemplaire disponible.




Réseaux sociaux